000 00556nam a22001817a 4500
005 20251108164856.0
008 250721s1977 xx 000 0 ara d
082 1 4 _a962.004/محم
100 1 _aشتا، محمد علي
245 1 0 _aحكومة و معارضة وجهاً لوجه :
_bمجموعة مقالات سياسية /
264 1 _aالقاهرة :
_bمكتبة عين شمس،
_c1977.
300 _a303ص
650 1 7 _aمصر
650 1 7 _aالتاريخ السياسي
650 1 7 _aالمقالات
942 _2ddc
_cBK
999 _c16430
_d16430